Statystyki dla Dopasuj rywala do meczu reprezentacji Polski

Kliknij tutaj aby rozwiązać quiz!

Ogólne statystyki

  • Ten quiz został rozwiązany 89 razy
  • Średni wynik to 9 z 10

Statystyki odpowiedzi

MeczOdpowiedź% Poprawnych
26.11.2022 / MŚ
2:0, Robert Lewandowski, Piotr Zieliński
Arabia Saudyjska
100%
24.03.2023 / el. ME
1:3, Damian Szymański
Czechy
93%
28.06.2018 / MŚ
1:0, Jan Bednarek
Japonia
93%
08.06.2012 / ME
1:1, Robert Lewandowski
Grecja
92%
11.10.2014 / el. ME
2:0, Arkadiusz Milik, Sebastian Mila
Niemcy
92%
25.06.2016 / ME
1:1 (k. 5:4), Jakub Błaszczykowski
Szwajcaria
89%
23.06.2021 / ME
2:3, Robert Lewandowski x2
Szwecja
89%
07.09.2015 / el. ME
8:1, Robert Lewandowski x2, Arkadiusz Milik x2, Kamil Grosicki x2, Jakub Błaszczykowski, Bartosz Kapustka
Gibraltar
84%
11.10.2006 / el. ME
2:1, Euzebiusz Smolarek x2
Portugalia
69%
14.06.2002 / MŚ
3:1, Emmanuel Olisadebe, Marcin Żewłakow, Paweł Kryszałowicz
USA
65%

Rozkład punktacji

Percentyl według liczby udzielonych odpowiedzi

Procent ludzi z każdym wynikiem

Twoja historia wyników

Nie rozwiązałeś tego quizu